000 00720nam a22002057a 4500
005 20100731135951.0
010 _aENG-97438
020 _a8178793121
_c800.00
020 _a9788178793542
_c800.00
035 _aEN-80971
037 _bDBAD/PUB
082 _a796.42
100 _aMishra, Sharad Chandra
_95530
245 _aSports traning /
_cby Sharad Chandra Mishra
260 _aNew Delhi
_bSports Publication
_c2009
270 _a7/26, Ground Floor, Ansari Road, Darya Gang
_bNew Delhi
_e110002
300 _a440p.
_c21cm (Hb)
942 _2ddc
_cEN
_h796.42
_mMIS
999 _c38417
_d38417